000 00779nam a2200253Ia 4500
003 OSt
005 20220926003848.0
006 a|||||r|||| 00| 0
007 ta
008 220923b |||||||| |||| 00| 0 eng d
020 _a9788131757994
_c573.75
037 _b2574, 14/03/2014, VIBHA BOOKS INTERNATIONAL
_cGeneral Book
040 _aRTL
_cRTL
_beng
041 _2eng
_aeng
082 _aX:8N91, P9;Q1/TD
100 _aBOVEE Courtland L.
_9307902
245 0 _aBusiness communication today
250 _a10th
260 _a New Delhi
_bPearson
_c2011
300 _axxviii,583p
_ccm.
650 _aCommerce
942 _hX:8N91, P9;Q1/TD
_cGB
_2CC
999 _c609007
_d609007